| 000 | 01352nam0a22002531 4500 | ||
|---|---|---|---|
| 001 | rc\769378 | ||
| 005 | 20040301142923.4 | ||
| 035 | _a(NLR Aleph) 006296131 | ||
| 090 |
_a7201997 _c7201997 |
||
| 100 | _a20040301d1985 u |0rusy50 ca | ||
| 101 | 0 | _arus | |
| 102 | _aRU | ||
| 105 | _aa ||||||||| | ||
| 200 | 1 |
_aОбобщение опыта применения торкрет-покрытий на основе жидкостекольных составов _fГ.С. Батракова, М.В. Тугаринова, к. т. н. Ю.И. Нянюшкин и др. |
|
| 210 |
_aМ. _cЦБНТИ Минмонтажспецстроя СССР _d1985 |
||
| 215 |
_a16 с. _cил. _d20 |
||
| 225 | 1 |
_aМонтажные и специальные строительные работы _iИнформационное обеспечение целевых комплексных научно-технических программ и программ по решению важнейших научно-технических проблем _eОбзор. информ. _fМ-во монт. и спец. строит. работ СССР. ЦБНТИ _vВып. 11 |
|
| 320 | _aБиблиогр.: с. 15-16 | ||
| 701 | 1 |
_aБатракова _bГ. С. |
|
| 801 | 0 |
_aRU _bNLR _gpsbo |
|
| 801 | 1 |
_aRU _bELAR _2rusmarc |
|
| 852 |
_aNLR _jП10/6229 |
||
| 942 | _cBOOK | ||
| 980 | _aNB | ||